BIBLIOTECA PODER JUDICIAL
Portal Judicial TDF

Neurocriminología y predicción del delito. Avances metodológicos y consideraciones éticas / (Registro nro. 5604)

000 -LEADER
fixed length control field 01302nab a22002417a 4500
003 - CONTROL NUMBER IDENTIFIER
control field OSt
005 - DATE AND TIME OF LATEST TRANSACTION
control field 20251222102123.0
008 - FIXED-LENGTH DATA ELEMENTS--GENERAL INFORMATION
fixed length control field 190429b xxu||||| |||| 00| 0 spa d
040 ## - CATALOGING SOURCE
Transcribing agency PJ
100 ## - MAIN ENTRY--PERSONAL NAME
9 (RLIN) 6579
Personal name Ruiz Guarneros, Aura Itzel
245 10 - TITLE STATEMENT
Title Neurocriminología y predicción del delito. Avances metodológicos y consideraciones éticas /
Statement of responsibility, etc Aura Itzel Ruiz Guarneros.
260 ## - PUBLICATION, DISTRIBUTION, ETC. (IMPRINT)
Date of publication, distribution, etc Ciudad Autónoma de Buenos Aires :
Place of publication, distribution, etc Thomson Reuters La Ley,
Name of publisher, distributor, etc 2025.
300 ## - PHYSICAL DESCRIPTION
Extent p. 227-241
500 ## - GENERAL NOTE
General note Cita: AR/DOC/1336/2025.
505 ## - FORMATTED CONTENTS NOTE
Formatted contents note Sumario: I. Introducción.— II. Neurocriminología y predicción del delito: hacia un nuevo paradigma penal.— III. Castigar el futuro: riesgos éticos de la neuropredicción.— IV. Neurointervenciones: ¿prevención o control?— V. Neuroprevención del delito: una nueva frontera en criminología y neurociencia.— VI. Bibliografía.
505 ## - FORMATTED CONTENTS NOTE
Title Si te interesa el texto completo, solicitalo a koha@justierradelfuego.gov.ar
650 #0 - SUBJECT ADDED ENTRY--TOPICAL TERM
9 (RLIN) 343
Topical term or geographic name as entry element DERECHO PENAL
650 #0 - SUBJECT ADDED ENTRY--TOPICAL TERM
9 (RLIN) 4480
Topical term or geographic name as entry element PREVENCIÓN DEL DELITO
650 #0 - SUBJECT ADDED ENTRY--TOPICAL TERM
9 (RLIN) 3006
Topical term or geographic name as entry element REINCIDENCIA
650 #0 - SUBJECT ADDED ENTRY--TOPICAL TERM
9 (RLIN) 2486
Topical term or geographic name as entry element CRIMINOLOGÍA
773 0# - HOST ITEM ENTRY
Host Biblionumber 2658
Host Itemnumber 3164
Title Revista de derecho penal y criminología. Nº 6 - Julio 2025
Place, publisher, and date of publication Ciudad Autónoma de Buenos Aires : Thomson Reuters La Ley, 2017-
International Standard Serial Number 00347914
942 ## - ADDED ENTRY ELEMENTS (KOHA)
Source of classification or shelving scheme
Koha item type Analítica Artículo de Revista

No hay ítems disponibles.

12 de Octubre 789 Ushuaia - Tel:  54(02901)441571
Horario de Atención: 8.00 a 17.00 hs. 
bibliotecaush@justierradelfuego.gov.ar
koha@justierradelfuego.gov.ar
Seguinos en nuestras redes @bibliojustdf 

Con tecnología Koha